Lyrics to Carnival By John Michael Howell - Statistics

General Stats
  • This quiz has been taken 15 times
  • The average score is 142 of 164
Answer Stats
Answer % Correct
a
100%
are
100%
carnival
100%
heard
100%
i
100%
is
100%
lights
100%
the
100%
there
100%
theres
100%
with
100%
wonderful
100%
again
83%
alone
83%
and
83%
anything
83%
anytime
83%
arrive
83%
be
83%
begin
83%
but
83%
can
83%
empty
83%
everywhere
83%
feel
83%
games
83%
grins
83%
hooked
83%
in
83%
it
83%
keep
83%
learned
83%
lesson
83%
let
83%
like
83%
look
83%
loud
83%
lovely
83%
makes
83%
music
83%
never
83%
no
83%
not
83%
on
83%
once
83%
one
83%
out
83%
prizes
83%
same
83%
see
83%
show
83%
single
83%
smiles
83%
such
83%
that
83%
thats
83%
they
83%
to
83%
turn
83%
welcome
83%
when
83%
will
83%
you
83%
your
83%
calling
67%
could
67%
door
67%
how
67%
ignore
67%
knocking
67%
night
67%
time
67%
No matching quizzes found
Score Distribution
Percent of People with Each Score
Percentile by Number Answered
Your Score History
You have not taken this quiz